000
00332nam a22001217a 4500
999
_c
2482
_d
2482
005
20200915153836.0
008
200915b ||||| |||| 00| 0 eng d
020
_a
090675622
040
_c
CML
245
_a
The Temperate Grasslands.
_c
Moore, W.G.
260
_a
London
_b
Hutchinson
_c
1963
942
_2
ddc
_c
BK
_h
910
_m
MOO